| 000 | 00426 a2200157 4500 | ||
|---|---|---|---|
| 005 | 20250605121407.0 | ||
| 020 | _a0-7546-1984-2 | ||
| 082 | _aTEA. LECT 658 MOR | ||
| 100 | _aMORDEN, T. | ||
| 245 | _aPrinciples of Management. | ||
| 250 | _a2rd Ed | ||
| 260 |
_aAshgate, _bEngland, _c2004. |
||
| 300 |
_a576p.: ill.; figure _bIndex _c24cm. |
||
| 856 |
_yAccess Online Book _fManagement _dhttp://www.ashgate.com |
||
| 942 |
_2ddc _cBKS |
||
| 999 |
_c3217 _d3217 |
||